Countries without the letters A, B or C - Statistics

General Stats
  • This quiz has been taken 4,050 times
  • The average score is 6 of 13
Answer Stats
Country % Correct
Fiji
67%
Egypt
62%
Yemen
62%
Peru
61%
Togo
61%
Sweden
60%
Kosovo
49%
Turkey
44%
United Kingdom
44%
Lesotho
41%
Niger
39%
Philippines
33%
Montenegro
25%
No matching quizzes found
Score Distribution
Percent of People with Each Score
Percentile by Number Answered
Your Score History
You have not taken this quiz